Mean curvature flow and isoperimetric inequalities
Αποθηκεύτηκε σε:
| Κύριος συγγραφέας: | |
|---|---|
| Άλλοι συγγραφείς: | |
| Μορφή: | Βιβλίο |
| Γλώσσα: | English |
| Δημοσίευση: |
Basel ; Boston :
Birkhauser,
c2010
|
| Σειρά: | Advanced courses in mathematics, CRM Barcelona
|
| Θέματα: | |
| Ετικέτες: |
Προσθήκη ετικέτας
Δεν υπάρχουν, Καταχωρήστε ετικέτα πρώτοι!
|
MARC
| LEADER | 00000nam a2200000 i 4500 | ||
|---|---|---|---|
| 001 | 1/64583 | ||
| 008 | 150121s2010 eng d | ||
| 020 | |a 978-3-0346-0212-9 | ||
| 035 | |l 10120609 | ||
| 040 | |a GR-MY-UA |b gre |e aacr | ||
| 041 | 0 | |a eng | |
| 082 | 0 | |a 516.362 |2 (23) | |
| 100 | 1 | |a Ritore, Manuel. | |
| 245 | 1 | 0 | |a Mean curvature flow and isoperimetric inequalities / |c Manuer Ritore, Carlo Sinestari ; editors for this volume Vicente Miquel, joan Porti |
| 260 | |a Basel ; Boston : |b Birkhauser, |c c2010 | ||
| 300 | |a viii, 113 σ.; |b σχέδια; |c 25 εκ. | ||
| 490 | 1 | |a Advanced courses in mathematics, CRM Barcelona | |
| 504 | |a Περιέχει βιβλιογραφικές αναφορές | ||
| 650 | 0 | 0 | |a Flows (Differentiable dynamical systems) |
| 650 | 0 | 0 | |a Isoperimetric inequalities. |
| 700 | 1 | |a Sinestrari, Carlo |d 1970- | |
| 830 | 0 | |a Advanced courses in mathematics, CRM Barcelona | |
| 852 | |a INST |b SAMOS |e 20150121 |h 516.363 RIT |p 005300041324 |q 005300041324 |t BK |y 0 | ||
| 901 | |a BIBL3-2015-1 | ||
| 909 | |a Σ |b 189329 | ||
| 922 | |a 3ΕΛΗ |b 201405 |c ΤΜΗΜΑ ΜΑΘΗΜΑΤΙΚΩΝ |d ΔΙΑΔΡΟΜΕΣ | ||
| 970 | |a ΚΟΣΙΕΡΗΣ |b ΧΡΗΣΤΟΣ |z 2015/01/21 | ||